[Event "19. Wch 2009 Veteranos"]
[Site "Condino ITA"]
[Date "2009.10.28"]
[Round "3.78"]
[White "Nielsen, Peter"]
[Black "Zanin, Umberto"]
[Result "1/2-1/2"]
[WhiteElo "1894"]
[BlackElo "1700"]
[PlyCount "43"]
[EventDate "2009.10.27"]
[EventType "swiss"]
[EventRounds "11"]
[EventCountry "ITA"]
[Source "lmi"]
[SourceDate "2009.10.27"]

1. e4 c5 2. Nc3 a6 3. f4 e6 4. Nf3 g6 5. d3 Bg7 6. Be3 b6 7. g3 d6 8. Bg2 Bb7
9. O-O Ne7 10. Bf2 O-O 11. Rb1 Nbc6 12. a3 Rb8 13. Ne2 d5 14. c3 dxe4 15. dxe4
Qxd1 16. Rfxd1 Ba8 17. Rd2 Rfd8 18. Rbd1 Rxd2 19. Rxd2 Rd8 20. Rxd8+ Nxd8 21.
Nd2 Nc8 22. e5 1/2-1/2

[Event "19. Wch 2009 Veteranos"]
[Site "Condino ITA"]
[Date "2009.10.28"]
[Round "3.85"]
[White "Zelkind, Natalya"]
[Black "Recubini, Dante"]
[Result "1/2-1/2"]
[WhiteElo "1851"]
[BlackElo "1463"]
[PlyCount "22"]
[EventDate "2009.10.27"]
[EventType "swiss"]
[EventRounds "11"]
[EventCountry "ITA"]
[Source "lmi"]
[SourceDate "2009.10.27"]

1. e4 e5 2. Nf3 Nc6 3. Bb5 Nge7 4. c3 g6 5. O-O Bg7 6. d3 h6 7. Be3 a6 8. Ba4
O-O 9. Qd2 b5 10. Bb3 Kh7 11. d4 d6 1/2-1/2

[Event "19. Wch 2009 Veteranos"]
[Site "Condino ITA"]
[Date "2009.10.30"]
[Round "4.1"]
[White "Chernikov, Oleg"]
[Black "Suba, Mihai"]
[Result "1/2-1/2"]
[WhiteElo "2405"]
[BlackElo "2501"]
[PlyCount "74"]
[EventDate "2009.10.27"]
[EventType "swiss"]
[EventRounds "11"]
[EventCountry "ITA"]
[Source "lmi"]
[SourceDate "2009.10.27"]

1. d4 Nf6 2. c4 e6 3. Nc3 Bb4 4. Qc2 O-O 5. a3 Bxc3+ 6. Qxc3 Ne4 7. Qc2 f5 8.
e3 b6 9. Ne2 Bb7 10. f3 Nf6 11. Nc3 c5 12. b4 Nc6 13. dxc5 bxc5 14. Rb1 Qe7 15.
bxc5 Nd8 16. Be2 Bc6 17. a4 Qxc5 18. Nb5 a6 19. Nd4 Nf7 20. Bd2 Rfb8 21. O-O g6
22. a5 e5 23. Nb3 Qa7 24. Qc3 d6 25. Be1 Nd7 26. Bf2 Qc7 27. Bd3 Ba4 28. e4 f4
29. c5 Bxb3 30. Rxb3 Nxc5 31. Rfb1 Rxb3 32. Rxb3 Rc8 33. Bxc5 Qxc5+ 34. Qxc5
Rxc5 35. Rb7 Nh6 36. Bxa6 Rxa5 37. Bc4+ Kh8 1/2-1/2

[Event "19. Wch 2009 Veteranos"]
[Site "Condino ITA"]
[Date "2009.10.30"]
[Round "4.2"]
[White "Cebalo, Miso"]
[Black "Klovans, Janis"]
[Result "1/2-1/2"]
[WhiteElo "2500"]
[BlackElo "2408"]
[PlyCount "119"]
[EventDate "2009.10.27"]
[EventType "swiss"]
[EventRounds "11"]
[EventCountry "ITA"]
[Source "lmi"]
[SourceDate "2009.10.27"]

1. d4 Nf6 2. c4 e6 3. Nc3 d5 4. cxd5 exd5 5. Bf4 c6 6. e3 Bd6 7. Bxd6 Qxd6 8.
Bd3 O-O 9. Nge2 Nbd7 10. O-O Re8 11. Qc2 Nf8 12. Ng3 h5 13. Rfe1 h4 14. Nf1 h3
15. g3 Bg4 16. Bf5 g6 17. Bxg4 Nxg4 18. f3 Nf6 19. Rad1 Ne6 20. Qf2 c5 21. dxc5
Qxc5 22. Nd2 Rad8 23. Nb3 Qb6 24. Nd4 Nxd4 25. Rxd4 Re5 26. Red1 Rde8 27. R1d3
Kg7 28. Qd2 Qe6 29. Nxd5 Nxd5 30. Rxd5 Rxd5 31. Rxd5 Qxe3+ 32. Qxe3 Rxe3 33.
Kf2 Re6 34. g4 Ra6 35. a3 Rc6 36. Kg3 a6 37. Rd3 Rc2 38. b4 Rb2 39. Kxh3 a5 40.
bxa5 Rb5 41. Kg3 Rxa5 42. Rb3 Ra4 43. h4 b5 44. Kf2 Kf6 45. Ke2 Ke6 46. Kd2 f5
47. gxf5+ gxf5 48. h5 Kf6 49. h6 Kg6 50. Rxb5 Rxa3 51. Rb6+ Kh7 52. Ke2 f4 53.
Rf6 Rb3 54. Rxf4 Kxh6 55. Rg4 Kh5 56. Kf2 Rb5 57. Ke3 Rb3+ 58. Ke4 Rb4+ 59. Kf5
Rb5+ 60. Kf6 1/2-1/2

[Event "19. Wch 2009 Veteranos"]
[Site "Condino ITA"]
[Date "2009.10.30"]
[Round "4.3"]
[White "Tseitlin, Mark D"]
[Black "Pushkov, Nikolai"]
[Result "1/2-1/2"]
[WhiteElo "2394"]
[BlackElo "2499"]
[PlyCount "77"]
[EventDate "2009.10.27"]
[EventType "swiss"]
[EventRounds "11"]
[EventCountry "ITA"]
[Source "lmi"]
[SourceDate "2009.10.27"]

1. e4 e6 2. d4 d5 3. Nc3 Nf6 4. e5 Nfd7 5. f4 c5 6. Nf3 Nc6 7. Be3 cxd4 8. Nxd4
Bc5 9. Qd2 Nxd4 10. Bxd4 Bxd4 11. Qxd4 Qb6 12. Qxb6 Nxb6 13. Nb5 Ke7 14. O-O-O
Bd7 15. b3 Bxb5 16. Bxb5 Rac8 17. Kb2 a6 18. Bd3 Nd7 19. c4 dxc4 20. Bxc4 Nc5
21. Rd4 Rhd8 22. Rhd1 Rxd4 23. Rxd4 Rd8 24. Kc3 a5 25. Rxd8 Kxd8 26. Kd4 b6 27.
g4 Ke7 28. h4 f6 29. exf6+ Kxf6 30. Be2 Ke7 31. g5 Kd6 32. Bb5 h6 33. Be8 Na6
34. Bg6 Nb4 35. a3 Nd5 36. Ke4 Nc3+ 37. Kd3 Nd5 38. Ke4 Nc3+ 39. Kd3 1/2-1/2

[Event "19. Wch 2009 Veteranos"]
[Site "Condino ITA"]
[Date "2009.10.30"]
[Round "4.4"]
[White "Malisov, Boris"]
[Black "Kuindzhy, Alexander"]
[Result "1/2-1/2"]
[WhiteElo "2377"]
[BlackElo "2420"]
[PlyCount "91"]
[EventDate "2009.10.27"]
[EventType "swiss"]
[EventRounds "11"]
[EventCountry "ITA"]
[Source "lmi"]
[SourceDate "2009.10.27"]

1. e4 c5 2. Nc3 d6 3. f4 g6 4. Nf3 Bg7 5. Bb5+ Nc6 6. Bxc6+ bxc6 7. d3 e6 8. e5
d5 9. O-O Ne7 10. Na4 Qa5 11. c4 Nf5 12. b3 O-O 13. Qe2 Nd4 14. Qd2 Qxd2 15.
Bxd2 f6 16. Nxd4 cxd4 17. Bb4 Rf7 18. Bd6 g5 19. exf6 Bxf6 20. fxg5 Bxg5 21.
Rxf7 Kxf7 22. Rf1+ Kg6 23. Be5 Be7 24. Bxd4 Bd7 25. Nc5 Bxc5 26. Bxc5 e5 27.
cxd5 cxd5 28. d4 e4 29. Kf2 a5 30. Ke3 a4 31. Kf4 axb3 32. axb3 Ra2 33. Ke5
Rxg2 34. Kxd5 e3 35. Re1 e2 36. Bd6 Kf5 37. Bg3 Be6+ 38. Kc5 Bxb3 39. Kb4 Be6
40. Kc3 Ke4 41. Kd2 Bg4 42. d5 Kxd5 43. Ke3 h5 44. Ra1 h4 45. Bxh4 Rxh2 46. Be1
1/2-1/2

[Event "19. Wch 2009 Veteranos"]
[Site "Condino ITA"]
[Date "2009.10.30"]
[Round "4.6"]
[White "Vasiukov, Evgeni"]
[Black "Clemens, Christian Dr"]
[Result "1-0"]
[WhiteElo "2485"]
[BlackElo "2331"]
[PlyCount "83"]
[EventDate "2009.10.27"]
[EventType "swiss"]
[EventRounds "11"]
[EventCountry "ITA"]
[Source "lmi"]
[SourceDate "2009.10.27"]

1. e4 d5 2. exd5 Nf6 3. d4 Nxd5 4. Nf3 Bg4 5. h3 Bh5 6. Be2 e6 7. O-O Be7 8.
Ne5 Bxe2 9. Qxe2 O-O 10. c4 Nb6 11. Be3 N8d7 12. Nc3 Nxe5 13. dxe5 Qe8 14. Qg4
Kh8 15. Rad1 Qc6 16. b3 Rad8 17. Nb5 Nd7 18. Qf4 Bc5 19. Bc1 Kg8 20. Qg3 Rfe8
21. Bh6 Bf8 22. Nxa7 Qb6 23. Nb5 Nc5 24. Nc3 Qa5 25. Bg5 Rxd1 26. Rxd1 c6 27.
Rd4 Qc7 28. Bf6 Nd7 29. Ne4 Kh8 30. Nd6 Nxf6 31. exf6 Ra8 32. c5 gxf6 33. Qh4
Bg7 34. Ra4 Rb8 35. Ra7 f5 36. Rxb7 Rxb7 37. Nxb7 Bf8 38. Qd8 Qxd8 39. Nxd8
Bxc5 40. a4 Kg7 41. Nxc6 Kf8 42. b4 1-0

[Event "19. Wch 2009 Veteranos"]
[Site "Condino ITA"]
[Date "2009.10.30"]
[Round "4.7"]
[White "Danner, Georg"]
[Black "Kernazhitsky, Leonid"]
[Result "1-0"]
[WhiteElo "2440"]
[BlackElo "2327"]
[PlyCount "107"]
[EventDate "2009.10.27"]
[EventType "swiss"]
[EventRounds "11"]
[EventCountry "ITA"]
[Source "lmi"]
[SourceDate "2009.10.27"]

1. d4 d5 2. Nf3 Nf6 3. c4 c6 4. e3 Bf5 5. Nc3 e6 6. Nh4 Bg6 7. Bd2 Nbd7 8. Be2
Be7 9. Qb3 Ne4 10. Nxg6 Nxd2 11. Kxd2 hxg6 12. cxd5 cxd5 13. Rac1 Rb8 14. Bb5
a6 15. Bxd7+ Qxd7 16. Qa4 Qxa4 17. Nxa4 g5 18. h3 Bd6 19. a3 Ke7 20. Nb6 Rbd8
21. Kd3 Bb8 22. f3 Kf6 23. Rc2 Ba7 24. Na4 Rd7 25. Rhc1 Ke7 26. b4 f5 27. Nc5
Bxc5 28. bxc5 Rc7 29. Rb1 Rd8 30. Rcb2 Rdd7 31. f4 gxf4 32. exf4 Kf6 33. Rb6 g6
34. h4 Rh7 35. g3 Rhd7 36. Kc3 Kf7 37. Kb4 Kf6 38. Ka5 Kf7 39. a4 Kf6 40. Re1
Re7 41. Rd6 Kf7 42. Kb6 Rc8 43. Re5 Ra8 44. Ka5 Rc8 45. Re3 Kf6 46. Rb3 Kf7 47.
Rbb6 Rcc7 48. Rd8 Kf6 49. Rbd6 Kf7 50. Kb6 Kg7 51. Rxe6 Kh6 52. Rxe7 Rxe7 53.
Rh8+ Kg7 54. Rb8 1-0

[Event "19. Wch 2009 Veteranos"]
[Site "Condino ITA"]
[Date "2009.10.30"]
[Round "4.8"]
[White "Shvedchikov, Anatoli I"]
[Black "Busu, Corneliu"]
[Result "1/2-1/2"]
[WhiteElo "2411"]
[BlackElo "2320"]
[PlyCount "27"]
[EventDate "2009.10.27"]
[EventType "swiss"]
[EventRounds "11"]
[EventCountry "ITA"]
[Source "lmi"]
[SourceDate "2009.10.27"]

1. c4 e6 2. Nf3 Nf6 3. b3 b6 4. g3 Bb7 5. Bg2 Be7 6. Bb2 O-O 7. O-O d5 8. d4
Nbd7 9. Nc3 c5 10. cxd5 Nxd5 11. Nxd5 Bxd5 12. Rc1 Rc8 13. Re1 Nf6 14. Ne5
1/2-1/2

[Event "19. Wch 2009 Veteranos"]
[Site "Condino ITA"]
[Date "2009.10.30"]
[Round "4.9"]
[White "Jorgensen, Jorgen"]
[Black "Van Riemsdijk, Herman C"]
[Result "1/2-1/2"]
[WhiteElo "2315"]
[BlackElo "2385"]
[PlyCount "41"]
[EventDate "2009.10.27"]
[EventType "swiss"]
[EventRounds "11"]
[EventCountry "ITA"]
[Source "lmi"]
[SourceDate "2009.10.27"]

1. Nf3 c5 2. g3 Nf6 3. Bg2 Nc6 4. O-O e5 5. c4 d5 6. cxd5 Nxd5 7. d3 Be7 8. Nc3
Nc7 9. Be3 Be6 10. Rc1 f6 11. Nd2 Qd7 12. a3 Rb8 13. Nce4 b6 14. b4 Nd5 15.
bxc5 f5 16. Nd6+ Bxd6 17. cxd6 O-O 18. Nf3 Nxe3 19. fxe3 Qxd6 20. Ng5 Na5 21.
Nxe6 1/2-1/2

[Event "19. Wch 2009 Veteranos"]
[Site "Condino ITA"]
[Date "2009.10.30"]
[Round "4.10"]
[White "Mishuchkov, Nikolai M"]
[Black "Arkhangelsky, Boris"]
[Result "1/2-1/2"]
[WhiteElo "2379"]
[BlackElo "2292"]
[PlyCount "102"]
[EventDate "2009.10.27"]
[EventType "swiss"]
[EventRounds "11"]
[EventCountry "ITA"]
[Source "lmi"]
[SourceDate "2009.10.27"]

1. d4 d5 2. Nf3 Nf6 3. c4 c6 4. e3 e6 5. Nbd2 c5 6. b3 cxd4 7. exd4 Nc6 8. Bb2
Be7 9. Bd3 O-O 10. O-O b6 11. Rc1 Bb7 12. Qe2 Re8 13. Rfd1 Bf8 14. Qe3 Rc8 15.
Ne5 Nxe5 16. dxe5 Nd7 17. cxd5 Rxc1 18. Rxc1 exd5 19. Qh3 g6 20. Bb5 Re6 21.
Bxd7 Qxd7 22. Nf3 Re7 23. Qxd7 Rxd7 24. Nd4 Bc5 25. h4 Re7 26. Nb5 Ba6 27. a4
Rd7 28. Nd4 Re7 29. b4 Bxd4 30. Bxd4 Bc4 31. f4 h5 32. Kf2 Rd7 33. Ke3 Kf8 34.
g4 hxg4 35. h5 gxh5 36. Rh1 a5 37. b5 Bb3 38. f5 f6 39. e6 Rh7 40. Bxf6 g3 41.
Kf4 h4 42. Rxh4 Rxh4+ 43. Bxh4 d4 44. Bxg3 d3 45. Be1 Bxa4 46. f6 Bxb5 47. f7
Be8 48. fxe8=Q+ Kxe8 49. Ke4 a4 50. Bb4 a3 51. Bc3 a2 1/2-1/2

[Event "19. Wch 2009 Veteranos"]
[Site "Condino ITA"]
[Date "2009.10.30"]
[Round "4.11"]
[White "Wittmann, Walter"]
[Black "Plachetka, Jan"]
[Result "1/2-1/2"]
[WhiteElo "2291"]
[BlackElo "2378"]
[PlyCount "36"]
[EventDate "2009.10.27"]
[EventType "swiss"]
[EventRounds "11"]
[EventCountry "ITA"]
[Source "lmi"]
[SourceDate "2009.10.27"]

1. e4 e5 2. Nf3 Nc6 3. Bb5 a6 4. Bxc6 dxc6 5. O-O f6 6. d4 Bg4 7. dxe5 Qxd1 8.
Rxd1 Bxf3 9. gxf3 fxe5 10. Rd3 Nf6 11. Nd2 b5 12. a4 Bd6 13. Nf1 Nd7 14. Be3
Ke7 15. Ng3 g6 16. Ne2 Rhf8 17. Kg2 Ke6 18. b3 c5 1/2-1/2

[Event "19. Wch 2009 Veteranos"]
[Site "Condino ITA"]
[Date "2009.10.30"]
[Round "4.12"]
[White "Hvenekilde, Jorgen"]
[Black "Jakobsen, Ole"]
[Result "1/2-1/2"]
[WhiteElo "2163"]
[BlackElo "2344"]
[PlyCount "27"]
[EventDate "2009.10.27"]
[EventType "swiss"]
[EventRounds "11"]
[EventCountry "ITA"]
[Source "lmi"]
[SourceDate "2009.10.27"]

1. d4 g6 2. e4 Bg7 3. Nf3 d6 4. Be2 Nf6 5. Nc3 O-O 6. O-O e6 7. Re1 Nc6 8. h3
b6 9. Be3 Bb7 10. Qd2 Ne7 11. Bd3 Kh8 12. Bh6 Bxh6 13. Qxh6 Neg8 14. Qd2
1/2-1/2

[Event "19. Wch 2009 Veteranos"]
[Site "Condino ITA"]
[Date "2009.10.30"]
[Round "4.13"]
[White "Sherwin, James T"]
[Black "Werner, Clemens"]
[Result "1/2-1/2"]
[WhiteElo "2234"]
[BlackElo "2339"]
[PlyCount "78"]
[EventDate "2009.10.27"]
[EventType "swiss"]
[EventRounds "11"]
[EventCountry "ITA"]
[Source "lmi"]
[SourceDate "2009.10.27"]

1. Nf3 c5 2. e4 d6 3. d4 cxd4 4. Nxd4 Nf6 5. Nc3 g6 6. Be3 Bg7 7. f3 O-O 8. Qd2
Nc6 9. Bc4 Nxd4 10. Bxd4 Be6 11. Bb3 Qa5 12. O-O-O Rfc8 13. Kb1 Rc6 14. Rhe1
Bxb3 15. cxb3 Rac8 16. a3 a6 17. b4 Qh5 18. h4 e6 19. Rh1 Nd7 20. g4 Qh6 21.
Be3 Bxc3 22. Bxh6 Bxd2 23. Rxd2 Ne5 24. Rf1 f6 25. Bf4 Nc4 26. Rd3 Kf7 27. Rfd1
Ke7 28. g5 e5 29. gxf6+ Kxf6 30. Bc1 Ke6 31. b3 Nb6 32. f4 Rf8 33. fxe5 Kxe5
34. Bb2+ Ke6 35. h5 Nd7 36. hxg6 hxg6 37. Rg3 Rg8 38. Rdg1 Kf7 39. Rf1+ Ke6
1/2-1/2

[Event "19. Wch 2009 Veteranos"]
[Site "Condino ITA"]
[Date "2009.10.30"]
[Round "4.14"]
[White "Klundt, Klaus"]
[Black "Grinberg, Iosif P"]
[Result "1-0"]
[WhiteElo "2337"]
[BlackElo "2282"]
[PlyCount "109"]
[EventDate "2009.10.27"]
[EventType "swiss"]
[EventRounds "11"]
[EventCountry "ITA"]
[Source "lmi"]
[SourceDate "2009.10.27"]

1. e4 e5 2. Nf3 Nc6 3. Bb5 a6 4. Ba4 Nf6 5. O-O b5 6. Bb3 Bc5 7. c3 d6 8. a4
Rb8 9. d4 Bb6 10. axb5 axb5 11. Na3 O-O 12. Nxb5 exd4 13. cxd4 Bg4 14. Bc2 Qe8
15. Re1 Nb4 16. Ba4 Bd7 17. Nc3 Ra8 18. Bg5 Bxa4 19. Rxa4 Rxa4 20. Nxa4 Nd7 21.
Qb3 Nc6 22. Qc3 Ba5 23. Qxc6 Bxe1 24. Nxe1 Nb6 25. Qxe8 Rxe8 26. Nxb6 Rxe4 27.
Kf1 cxb6 28. Be3 f5 29. Nd3 g5 30. g3 h6 31. Ke2 Kf7 32. Kd2 Re8 33. d5 b5 34.
f3 Rc8 35. Nb4 Rc4 36. Nc6 Ra4 37. Nd4 f4 38. gxf4 gxf4 39. Bf2 b4 40. Ne2 Kf6
41. Nxf4 Ke5 42. Be3 Ra1 43. Nd3+ Kxd5 44. Bxh6 Kc4 45. Nc1 b3 46. h4 d5 47. h5
d4 48. Bg7 Rb1 49. Nd3 Rh1 50. Ne5+ Kd5 51. h6 Rh2+ 52. Kd3 Rh3 53. Ng4 Rxf3+
54. Ke2 Rh3 55. h7 1-0

[Event "19. Wch 2009 Veteranos"]
[Site "Condino ITA"]
[Date "2009.10.30"]
[Round "4.15"]
[White "Butnorius, Algimantas"]
[Black "Muratoglu, Salih"]
[Result "1-0"]
[WhiteElo "2433"]
[BlackElo "2111"]
[PlyCount "47"]
[EventDate "2009.10.27"]
[EventType "swiss"]
[EventRounds "11"]
[EventCountry "ITA"]
[Source "lmi"]
[SourceDate "2009.10.27"]

1. d4 Nf6 2. c4 g6 3. Nc3 Bg7 4. e4 d6 5. Nf3 O-O 6. Be2 e5 7. O-O Nc6 8. d5
Ne7 9. b4 Nd7 10. a4 a5 11. bxa5 Rxa5 12. Nd2 Nc5 13. Ba3 b6 14. Bb4 Ra8 15. a5
Nd7 16. axb6 Rxa1 17. Qxa1 Nxb6 18. c5 dxc5 19. Bxc5 Nd7 20. Bb4 Re8 21. Bb5
Rf8 22. Nc4 f5 23. d6 cxd6 24. Ba5 1-0

[Event "19. Wch 2009 Veteranos"]
[Site "Condino ITA"]
[Date "2009.10.30"]
[Round "4.16"]
[White "Vogel, Jaap"]
[Black "Rukavina, Josip"]
[Result "0-1"]
[WhiteElo "2213"]
[BlackElo "2435"]
[PlyCount "56"]
[EventDate "2009.10.27"]
[EventType "swiss"]
[EventRounds "11"]
[EventCountry "ITA"]
[Source "lmi"]
[SourceDate "2009.10.27"]

1. Nf3 g6 2. d4 Bg7 3. g3 d6 4. Bg2 Nf6 5. O-O O-O 6. c4 c6 7. Nc3 Bf5 8. h3
Ne4 9. Qb3 Nxc3 10. bxc3 Qc8 11. Kh2 Be4 12. Bg5 Re8 13. Ne1 Bxg2 14. Nxg2 Nd7
15. Rab1 Rb8 16. Qa3 a6 17. c5 dxc5 18. dxc5 e5 19. e4 Bf8 20. Be3 b6 21. f4
Nxc5 22. fxe5 Rxe5 23. Bf4 Nd3 24. Qb3 Nxf4 25. Rxf4 Qe6 26. Rbf1 Qxb3 27. axb3
Rb7 28. Rf6 Rc7 0-1

[Event "19. Wch 2009 Veteranos"]
[Site "Condino ITA"]
[Date "2009.10.30"]
[Round "4.17"]
[White "Zelkind, Eduard"]
[Black "Boehnisch, Manfred"]
[Result "1-0"]
[WhiteElo "2205"]
[BlackElo "2366"]
[PlyCount "81"]
[EventDate "2009.10.27"]
[EventType "swiss"]
[EventRounds "11"]
[EventCountry "ITA"]
[Source "lmi"]
[SourceDate "2009.10.27"]

1. e4 c6 2. Nc3 d5 3. Nf3 Bg4 4. h3 Bxf3 5. Qxf3 Nf6 6. d3 e6 7. Bd2 Bb4 8. e5
Nfd7 9. Qg4 Bf8 10. f4 g6 11. g3 Qb6 12. Nd1 c5 13. Qe2 Nc6 14. c3 h5 15. Bg2
Bg7 16. Be3 a5 17. O-O a4 18. Kh1 Qa6 19. Nf2 b5 20. c4 bxc4 21. dxc4 d4 22.
Bd2 O-O 23. Ne4 Rfb8 24. Rab1 Ra7 25. Nd6 Nf8 26. Be4 Ne7 27. Bd3 Rd7 28. Ne4
Qc6 29. Kg1 Rdb7 30. Bc1 Nd7 31. g4 hxg4 32. hxg4 Rb6 33. Re1 Qc7 34. Qh2 f6
35. Qh4 g5 36. Qh5 gxf4 37. Bxf4 f5 38. Ng5 Nxe5 39. Rxe5 Nd5 40. Qh7+ Kf8 41.
Rxf5+ 1-0

[Event "19. Wch 2009 Veteranos"]
[Site "Condino ITA"]
[Date "2009.10.30"]
[Round "4.18"]
[White "Karasev, Vladimir I"]
[Black "Nordstrom, Felix"]
[Result "1-0"]
[WhiteElo "2365"]
[BlackElo "2165"]
[PlyCount "35"]
[EventDate "2009.10.27"]
[EventType "swiss"]
[EventRounds "11"]
[EventCountry "ITA"]
[Source "lmi"]
[SourceDate "2009.10.27"]

1. e4 c5 2. Nf3 e6 3. d4 cxd4 4. Nxd4 a6 5. Nc3 Qc7 6. Bd3 Nc6 7. Nxc6 bxc6 8.
O-O d5 9. Qe2 Bb7 10. b3 Nf6 11. Bb2 Bd6 12. Kh1 d4 13. Na4 c5 14. c3 e5 15.
cxd4 cxd4 16. Rac1 Qe7 17. Nb6 Ra7 18. Nc8 1-0

[Event "19. Wch 2009 Veteranos"]
[Site "Condino ITA"]
[Date "2009.10.30"]
[Round "4.19"]
[White "Altshul, Raffael"]
[Black "Stull, Norbert"]
[Result "1-0"]
[WhiteElo "2343"]
[BlackElo "2168"]
[PlyCount "117"]
[EventDate "2009.10.27"]
[EventType "swiss"]
[EventRounds "11"]
[EventCountry "ITA"]
[Source "lmi"]
[SourceDate "2009.10.27"]

1. e4 Nf6 2. e5 Nd5 3. d4 d6 4. Nf3 dxe5 5. Nxe5 c6 6. Bc4 Nd7 7. Nxd7 Bxd7 8.
O-O e6 9. Nd2 Be7 10. Nf3 O-O 11. Bb3 Nf6 12. Ne5 Be8 13. Bg5 Nd7 14. Bxe7 Qxe7
15. Nf3 Rd8 16. Qe2 Nf6 17. c4 Qc7 18. Rad1 Bd7 19. h3 Bc8 20. Qe3 b6 21. Qe5
Qxe5 22. dxe5 Nd7 23. Bc2 Bb7 24. Be4 Nc5 25. Bc2 a5 26. Ng5 g6 27. Ne4 Nxe4
28. Bxe4 Ba6 29. b3 b5 30. c5 b4 31. Rfe1 Bb5 32. Rd6 Rxd6 33. cxd6 Rc8 34. Rc1
c5 35. f4 Kf8 36. Kf2 Ke8 37. Ke3 Kd7 38. Bd3 Bxd3 39. Kxd3 Kc6 40. Kc4 Rd8 41.
Rd1 Rd7 42. g4 Kb6 43. g5 Kc6 44. Rg1 Ra7 45. Rd1 Rd7 46. Ra1 Rd8 47. a3 Rb8
48. a4 h5 49. gxh6 Rh8 50. Rd1 Kd7 51. Kxc5 Rxh6 52. Rd3 Rh8 53. Kb6 Rc8 54.
Kxa5 Rc3 55. Rd4 Rxb3 56. Rxb4 Rxh3 57. Kb6 f6 58. a5 fxe5 59. fxe5 1-0

[Event "19. Wch 2009 Veteranos"]
[Site "Condino ITA"]
[Date "2009.10.30"]
[Round "4.20"]
[White "Feller, Josy"]
[Black "Onoprienko, Vladimir"]
[Result "0-1"]
[WhiteElo "2196"]
[BlackElo "2324"]
[PlyCount "41"]
[EventDate "2009.10.27"]
[EventType "swiss"]
[EventRounds "11"]
[EventCountry "ITA"]
[Source "lmi"]
[SourceDate "2009.10.27"]

1. e4 g6 2. d4 Bg7 3. Nf3 c5 4. c3 cxd4 5. cxd4 d5 6. e5 Nc6 7. Nc3 Bg4 8. Be2
a6 9. O-O e6 10. Be3 Nge7 11. Rc1 Nf5 12. h3 Bxf3 13. Bxf3 Rc8 14. Qd2 O-O 15.
Rfd1 b5 16. g3 f6 17. Bg2 fxe5 18. dxe5 Nxe5 19. Bf4 Nc4 20. Qe2 Qb6 21. Re1
0-1

[Event "19. Wch 2009 Veteranos"]
[Site "Condino ITA"]
[Date "2009.10.30"]
[Round "4.21"]
[White "Jacobsen, Bo"]
[Black "Barlocco, Carlo"]
[Result "1-0"]
[WhiteElo "2321"]
[BlackElo "2158"]
[PlyCount "69"]
[EventDate "2009.10.27"]
[EventType "swiss"]
[EventRounds "11"]
[EventCountry "ITA"]
[Source "lmi"]
[SourceDate "2009.10.27"]

1. Nf3 Nc6 2. c4 e5 3. Nc3 Bc5 4. e3 d6 5. d4 exd4 6. exd4 Bb6 7. Be2 Nge7 8.
b4 a6 9. d5 Nb8 10. Bb2 O-O 11. O-O Nd7 12. Rc1 Re8 13. Ne4 Ng6 14. Ng3 Nf4 15.
Bd3 Nxd3 16. Qxd3 f6 17. h3 a5 18. a3 axb4 19. axb4 Ne5 20. Nxe5 fxe5 21. c5
Ba7 22. f4 c6 23. Kh1 dxc5 24. d6 cxb4 25. Bxe5 Be6 26. Nh5 Bf7 27. Qg3 Bg6 28.
Nxg7 Rxe5 29. fxe5 Kxg7 30. e6 Bb8 31. Qe5+ Kh6 32. Rcd1 b3 33. e7 Qa5 34. Qxa5
Rxa5 35. d7 1-0

[Event "19. Wch 2009 Veteranos"]
[Site "Condino ITA"]
[Date "2009.10.30"]
[Round "4.22"]
[White "Wahlbom, Magnus"]
[Black "Thieme, Hans"]
[Result "1-0"]
[WhiteElo "2318"]
[BlackElo "2154"]
[PlyCount "51"]
[EventDate "2009.10.27"]
[EventType "swiss"]
[EventRounds "11"]
[EventCountry "ITA"]
[Source "lmi"]
[SourceDate "2009.10.27"]

1. e4 c5 2. Nf3 e6 3. d4 cxd4 4. Nxd4 Qb6 5. Nb3 Qc7 6. Nc3 a6 7. Bd3 b5 8. O-O
Bb7 9. Qe2 d6 10. a4 b4 11. Na2 d5 12. Bd2 dxe4 13. Bxe4 Nf6 14. Bxb7 Qxb7 15.
Nd4 Nc6 16. Nxc6 Qxc6 17. Bxb4 Qxa4 18. Bxf8 Kxf8 19. Nc3 Qc6 20. Ra3 Nd7 21.
Rfa1 Nb8 22. b4 Ke7 23. b5 axb5 24. Rxa8 Qxc3 25. Qxb5 Kf6 26. Rb1 1-0

[Event "19. Wch 2009 Veteranos"]
[Site "Condino ITA"]
[Date "2009.10.30"]
[Round "4.24"]
[White "Malmdin, Nils-Ake"]
[Black "Nordby, Bernt"]
[Result "1-0"]
[WhiteElo "2282"]
[BlackElo "2137"]
[PlyCount "45"]
[EventDate "2009.10.27"]
[EventType "swiss"]
[EventRounds "11"]
[EventCountry "ITA"]
[Source "lmi"]
[SourceDate "2009.10.27"]

1. e4 e6 2. d4 d5 3. e5 c5 4. c3 Qb6 5. Nf3 Bd7 6. Nbd2 cxd4 7. Nxd4 Nc6 8.
N2f3 f6 9. Nxc6 Bxc6 10. Bd3 fxe5 11. Nxe5 Nf6 12. Qe2 Bd6 13. Nxc6 bxc6 14.
Qxe6+ Be7 15. O-O c5 16. Qh3 O-O 17. c4 d4 18. b3 Rfe8 19. Bg5 g6 20. Qh4 Rad8
21. Rae1 Rd6 22. f4 Bd8 23. f5 1-0

[Event "19. Wch 2009 Veteranos"]
[Site "Condino ITA"]
[Date "2009.10.30"]
[Round "4.25"]
[White "Nickl, Klaus"]
[Black "Kraidman, Yair"]
[Result "0-1"]
[WhiteElo "2151"]
[BlackElo "2271"]
[PlyCount "126"]
[EventDate "2009.10.27"]
[EventType "swiss"]
[EventRounds "11"]
[EventCountry "ITA"]
[Source "lmi"]
[SourceDate "2009.10.27"]

1. d4 d5 2. Nf3 Nf6 3. e3 Bf5 4. c4 c6 5. Nc3 e6 6. Qb3 Qc7 7. Bd2 Nbd7 8. Rc1
Qb6 9. Nh4 Qxb3 10. axb3 Bg6 11. Nxg6 hxg6 12. g3 Bb4 13. Bg2 g5 14. cxd5 exd5
15. O-O g4 16. f3 gxf3 17. Bxf3 O-O 18. h4 Rfe8 19. Rcd1 Bxc3 20. bxc3 Ne4 21.
Bxe4 Rxe4 22. Rf4 Re7 23. c4 Nf6 24. Kg2 Rae8 25. Ra1 a6 26. Ra5 Re6 27. Kh3 g6
28. g4 b5 29. c5 Ne4 30. Be1 Ra8 31. Kg2 Kg7 32. g5 f6 33. gxf6+ Nxf6 34. Bd2
Nh5 35. Rg4 Nf6 36. Rf4 Ne4 37. Be1 Ra7 38. b4 Nf6 39. Bf2 Nh5 40. Rg4 Rf6 41.
Bg1 Rf5 42. Rg5 Kf6 43. Rg4 Kf7 44. Rg5 Ng7 45. Bh2 Rxg5+ 46. hxg5 Ne6 47. Bf4
Ng7 48. Kf3 Ke6 49. Kg4 Nf5 50. Ra2 Ra8 51. Ra1 Kd7 52. Ra3 Kc8 53. Be5 Kb7 54.
Kf4 Rf8 55. Bf6 Re8 56. Be5 Re7 57. e4 Nxd4 58. exd5 cxd5 59. Bd6 Re4+ 60. Kg3
Nf5+ 61. Kf3 Re6 62. Bf4 Nd4+ 63. Kg2 Re4 0-1

[Event "19. Wch 2009 Veteranos"]
[Site "Condino ITA"]
[Date "2009.10.30"]
[Round "4.27"]
[White "Laco, Giuseppe"]
[Black "Gutkin, Boris"]
[Result "1/2-1/2"]
[WhiteElo "2127"]
[BlackElo "2255"]
[PlyCount "88"]
[EventDate "2009.10.27"]
[EventType "swiss"]
[EventRounds "11"]
[EventCountry "ITA"]
[Source "lmi"]
[SourceDate "2009.10.27"]

1. c4 Nf6 2. b4 e5 3. a3 a5 4. b5 g6 5. Bb2 d6 6. g3 Bg7 7. Bg2 O-O 8. Nc3 Nbd7
9. Qc2 Nc5 10. d3 Bf5 11. e4 Be6 12. Nge2 c6 13. a4 Qd7 14. h4 Rac8 15. Ba3 Ng4
16. Bxc5 dxc5 17. Nd1 f5 18. f3 Nf6 19. Nf2 Bh6 20. h5 Be3 21. hxg6 hxg6 22.
Nd1 fxe4 23. dxe4 Bd4 24. Rc1 Rcd8 25. Nf2 Kg7 26. Nd3 cxb5 27. axb5 b6 28. Rd1
Qc7 29. Kd2 Qf7 30. Rc1 Rd6 31. Ke1 Qc7 32. Qd2 Kg8 33. Qg5 Qg7 34. Nxd4 Rxd4
35. Nxe5 Re8 36. Bf1 Bf5 37. Nc6 Nxe4 38. fxe4 Bxe4 39. Nxd4 Qxd4 40. Rh2 Bg2+
41. Be2 Qg1+ 42. Kd2 Qd4+ 43. Ke1 Qg1+ 44. Kd2 Qd4+ 1/2-1/2